000 00686 a2200193 4500
003 Nust
005 20230306112319.0
040 _cNust
082 _a331.88,COL
100 _aG.D.H. Cole
_9109813
245 _aBritish trade unionism to-day /
_cG.D.H. Cole
260 _aMethuen & Co.Ltd
_bLondon
_c1945
300 _a591 p
_billus
_c18 cm
505 _aTrade Union History (Page-29), Collective Bargaining And State Action (Page-81), Trade Unionism As A Whole (Page-175), Trade Unionism As Particular (Page-273), Conclusion (Page-517).
538 _aAlmirah No.51 ,Shelf No.2
600 _aG.D.H. Cole
_9109813
650 _aBritish trade unionism to-day
_9109814
942 _2ddc
_cBK
999 _c184616
_d184616